Popular AI Platforms - Statistics

General Stats
  • This quiz has been taken 10 times
  • The average score is 1 of 6
Answer Stats
Hint Answer % Correct
OpenAI ChatGPT
88%
Voice activated Alexa/Siri/Assistant
50%
Privately owned Australian company Canva
0%
Owned by Ukrainian entrepreneurs Grammarly
0%
AI of it's parent company, founded by Ivan Zhao Notion AI
0%
Owned by it's parent company, Luka, Inc Replika
0%
No matching quizzes found
Score Distribution
Percent of People with Each Score
Percentile by Number Answered
Your Score History
You have not taken this quiz